Variedad de paradigmas y perspectivas en la investigación cualitativa /
Guardado en:
| Autor principal: | |
|---|---|
| Formato: | Texto |
| Lenguaje: | Spanish |
| Publicado: |
Madrid :
Editorial Síntesis;
2003.
|
| Materias: | |
| Etiquetas: |
Agregar Etiqueta
Sin Etiquetas, Sea el primero en etiquetar este registro!
|
MARC
| LEADER | 00000 a a2200000 04500 | ||
|---|---|---|---|
| 001 | 33839 | ||
| 003 | cru IIS/CIDCACS | ||
| 005 | 20230529100529.0 | ||
| 008 | 230529b2003 sp|||||| |||| 00| 0 spa d | ||
| 020 | |a 84-7738-449-5 | ||
| 040 | |a Centro de Recursos para el Aprendizaje y la Investigación |c cru IIS/CIDCACS | ||
| 090 | |a 18.03.01 V185t | ||
| 100 | |a Valles, Miguel S. | ||
| 245 | |a Variedad de paradigmas y perspectivas en la investigación cualitativa / |c Miguel S. Valles. | ||
| 260 | |a Madrid : |b Editorial Síntesis; |c 2003. | ||
| 300 | |a páginas 47-68. | ||
| 650 | |a INVESTIGACION SOCIAL | ||
| 650 | |a METODOLOGIA | ||
| 650 | |a CIENCIAS SOCIALES | ||
| 852 | 1 | 1 | |a 18.03.01 V185t |
| 942 | |2 ddc |c LI |h 18.03.01 V185t |k 18.03.01 |m V185t |6 180301_V185T | ||
| 999 | |c 15162 |d 15162 | ||
| 773 | 0 | |0 1314 |9 9040 |a Valles, Miguel S |d Madrid: Síntesis; 2003. |o 01791 |t Técnicas cualitativas de investigación: |w (cru IIS/CIDCACS)28532 |z 84-7738-449-5 | |



